000 01036cam a2200265 i 4500
001 22016827
003 OSt
005 20260406105153.0
008 210430t20212021enka b 001 0 eng d
010 _a 2021938150
020 _a9789390742790
040 _c.
082 0 4 _a320.454 CHO
100 1 _aRoy Chowdhury, Debasish,
245 1 0 _aTo Kill A Democracy :
_bIndia's Passage to Despotism /
_cDebasish Roy Chowdhury and John Keane.
250 _aFirst edition.
264 1 _aOxford, United Kingdom :
_bOxford University Press,
_c2021.
300 _avi, 320 pages :
_billustrations ;
_c24 cm
365 _bRs. 474
505 0 _aA distant rainbow; Health of a democracy; A million famines; Ground realities; Motion sickness; Writing on the wall; A new slavery; Vote, or else; Chremacracy; Elective despotism; Justice defiled; Bad news; Remaking the people; Notes; Index
650 0 _aDespotism
_zIndia.
650 0 _aDemocracy
_zIndia.
650 7 _aPOLITICAL SCIENCE / General.
_2bisacsh
942 _2ddc
_cBK
999 _c210787
_d210787